00898cam a2200253 a 450000100100000000500170001000800410002704000290006808200230009710000530012024500420017325000110021526000350022630000270026149000470028865000300033565000310036583000550039691000330045191000070048404900090049195201270050099900170062700001969120200929170114.0810916s1970 sp 001 e spa d aDO-SdBNPbspacLCdBNPHU a864.5bM542c, 19701 aMenéndez y Pelayo, Marcelino,d1856-19129390113aLa Celestina /cM. Menéndez Pelayo. a4a ed. aMadrid :bEspasa-Calpe,c1970. a229, [16] p. ;c18 cm.1 aAustral. Verde: ensayos y filosofíav691 4aEnsayos españoles93095 4aLiteratura española9632 0aAustral.pVerde: ensayos y filosofía;v69198733 aCatalogación derivada / LC aWM aBNGR 001054708MOaGRbGRcHDd2010-07-02iLF1l0o864.5 M542c, 1970p19691-10r2020-06-25w2020-06-25y4ZPréstamo en sala c19206d19206